Faculty of Law Library — Cairo University

Official Online Catalog

Cases on Criminal Law and Its Enforcement / (Record no. 69840)

MARC details
000 -LEADER
fixed length control field 00986cac a2200313 i 4500
003 - CONTROL NUMBER IDENTIFIER
control field EG-GICUC
005 - DATE AND TIME OF LATEST TRANSACTION
control field 20260409141150.0
008 - FIXED-LENGTH DATA ELEMENTS--GENERAL INFORMATION
fixed length control field 260409s1951 mnu fr 00| | eng d
040 ## - CATALOGING SOURCE
Original cataloging agency DLC
Transcribing agency DLC
Modifying agency DLC
-- EG-GICUC
Language of cataloging eng
Description conventions rda
082 04 - DEWEY DECIMAL CLASSIFICATION NUMBER
Edition number 21
Classification number 343.1
Item number HA . C
092 04 - LOCALLY ASSIGNED DEWEY CALL NUMBER (OCLC)
Edition number 21
099 ## - LOCAL FREE-TEXT CALL NUMBER (OCLC)
Classification number Law 10 343.1 HA . C 1951
100 1# - MAIN ENTRY--PERSONAL NAME
Personal name Hall, Livingston
Relator term Author.
245 10 - TITLE STATEMENT
Title Cases on Criminal Law and Its Enforcement /
Statement of responsibility, etc. Livingston Hall, Sheldon Glueck.
264 #1 - PRODUCTION, PUBLICATION, DISTRIBUTION, MANUFACTURE, AND COPYRIGHT NOTICE
Place of production, publication, distribution, manufacture St. Paul, MN :
Name of producer, publisher, distributor, manufacturer West,
Date of production, publication, distribution, manufacture, or copyright notice 1951.
300 ## - PHYSICAL DESCRIPTION
Extent 931 pages ;
Dimensions 26 cm.
336 ## - CONTENT TYPE
Content type term text
Content type code txt
Source rdacontent
337 ## - MEDIA TYPE
Media type term unmediated
Media type code n
Source rdamedia
338 ## - CARRIER TYPE
Carrier type term volume
Carrier type code nc
Source rdacarrier
490 ## - SERIES STATEMENT
Series statement American Casebook Series
500 ## - GENERAL NOTE
General note Includes Index.
546 ## - LANGUAGE NOTE
Language note Text in English
650 #0 - SUBJECT ADDED ENTRY--TOPICAL TERM
Topical term or geographic name entry element Criminal law
Geographic subdivision United States
Form subdivision Cases.
Source of heading or term qrmak
651 1# - SUBJECT ADDED ENTRY--GEOGRAPHIC NAME
Source of heading or term qrmak
700 1# - ADDED ENTRY--PERSONAL NAME
Personal name Glueck, Sheldon
Relator term Annotator.
856 40 - ELECTRONIC LOCATION AND ACCESS
Uniform Resource Identifier <a href="https://fll.law.cu.edu.eg/fulltext/bks/B10-08637.pdf">https://fll.law.cu.edu.eg/fulltext/bks/B10-08637.pdf</a>
905 ## - Cataloger and Reviser Names
Cataloger Name: Yasmin Sayed
942 ## - ADDED ENTRY ELEMENTS (KOHA)
Source of classification or shelving scheme Dewey Decimal Classification
Koha item type Books
Edition 21
Suppress in OPAC No
Holdings
Withdrawn status Lost status Source of classification or shelving scheme Damaged status Not for loan Collection Home library Current library Date acquired Total checkouts Full call number Barcode Date last seen Copy number Price effective from Koha item type
    Dewey Decimal Classification   Not for loan القانون الجنائي جــــامعة القــاهرة مكتبة كلية الحقوق - المبنى الرئيسي 09.04.2026   Law 10 343.1 HA . C 1951 1008637 C1 B10-08637 09.04.2026 1 09.04.2026 Books

© All rights reserved — Faculty of Law, Cairo University